000 01047nam a22002415i 4500
001 167847
003 ES-MaACL
005 20250718081235.0
008 981125s1892 sp ag |||| | spa d
040 _aCCPB | B
_bspa
_cCCPB | B
080 _a78
100 1 _aWalls y Merino, Manuel.
_9115977
245 1 3 _aLa música popular de Filipinas /
_cpor M. Walls y Merino ; con un preludio de Antonio Peña y Goñi.
260 _aMadrid :
_bLibrería de Fernando Fé,
_c1892 (
_fImp. de M. G. Hernández)
300 _a46 p. :
_bmús. ;
_c24 cm.
530 _aDisponible también en sitio web.
599 _aNotaciones musicales intercaladas en el texto.
650 4 _aMúsica popular-
_zFilipinas.
_9136572
700 1 _aPeña y Goñi, Antonio,
_d1846-1896
_990290
852 _aES-MaACL
_jT-704-F-8
_z-- Enc. hol., conservando la enc. original
_z-- Enc. en un vol. facticio
856 _uhttp://bibliotecadigitalhispanica.bne.es:80/webclient/DeliveryManager?pid=2166937&custom_att_2=simple_viewer
_zIr a la página
999 _c167847
_d167847